00267nam a22000977a 4500008004100000041000800041080001000049100000600059101001200065245009200077180421b xxu||||| |||| 00| 0 eng d aeng a043.3 a0 aSHKI-MA aERP (Enterprise Resource Planning)System Emphasis on Microsoft Dynamic NAVcMurtezaj, F